00305cam a22001097a 4500008004000000082001600040100001700056245005800073260002800131300001000159650002600169180718b1974 xxu||||| |||| 00| 0 eng d aR8x54 K147i aKarnik. V.B. aIndian labour: problems and prospectscby V.B. Karnik aCalcuttabMinervac1974 a286p. aLabour unions - India